| 000 | 00380nam a2200145 a 4500 | ||
|---|---|---|---|
| 001 | 5170 | ||
| 003 | CDMR | ||
| 005 | 20131007172123.0 | ||
| 008 | 130130s1988||||||||||||||||||||||||||||d | ||
| 020 | _a8477940010 | ||
| 040 |
_aCDMR _bcat _cCDMR |
||
| 245 | 0 | _aLlibre del cens de la premsa local i comarcal 1986 | |
| 260 |
_aBarcelona _cDL 1988 _bDiputació de Barcelona |
||
| 942 |
_cMON _2udc |
||
| 999 |
_c5170 _d5170 |
||